000 00730nam a2200229 4500
003 OSt
005 20240726045426.0
006 a
008 240726b |||||||| |||| 00| 0 eng d
020 _a9710489794
040 _aDWCL-Main lib.
_cOC
082 _22010-2011 edition
_aFil. 657.45 R786c 2010
100 _aRoque, Gerardo S.
245 _aCPA examination reviewer : auditing theory /
250 _a2010-2011 edition
260 _aManila:
_bGIC Enterprises & Co., Inc.,
_cc2010.
300 _aiv,
_b792 p. ;
_c22 cm.
504 _aIncludes references.
650 _a1. Auditing-Problems, exercises, etc.
650 _a2. Auditing-Examinations, questions, etc.
942 _2ddc
_n0
_cBK - FIL
_e2010-2011 edition
_kFil.
999 _c2791
_d2791